| 000 | 01143cab a2200277 4500 | ||
|---|---|---|---|
| 001 | ABS57170 | ||
| 008 | 090401t1997 xxu||||| |||| 00| 0 eng d | ||
| 035 | _a(Sirsi) u79271 | ||
| 041 | _aeng | ||
| 245 | _aMarshall v Rubypoint Ltd | ||
| 260 | _c1997 | ||
| 350 | _a0 | ||
| 490 |
_aEstates Gazette _v[1997] 25 EG 142-145(4) |
||
| 520 | _aCA 31 January 1997. Under a lease the landlord covenanted to maintain, repair and redecorate the common parts of a house which had been converted into flats. The house was burgled and the plaintiff claimed against the defendant landlord for breach of repair to the front door. This was allowed in court and he was awarded costs. The landlord appealed but this was dismissed on the grounds that the breach of covenant was a cause of the burglary. | ||
| 650 | _aBREACH OF COVENANT | ||
| 650 | _aBURGLARY | ||
| 650 | _aCOMMON PARTS | ||
| 650 |
_aDilapidations _96235 |
||
| 650 | _aFRONT DOOR | ||
| 650 | _aMARSHALL V RUBYPOINT LTD | ||
| 650 | _aREPAIRING COVENANT | ||
| 650 | _aREPAIRS | ||
| 690 | _aLANDLORD AND TENANT-CASE LAW-RESIDENTIAL TENANCIES | ||
| 942 | _n0 | ||
| 948 | _c27/06/1997 | ||
| 999 |
_c49836 _d49836 |
||